00897nam a2200169 i 4500001000700000003000900007005001700016008004100033100002900074245008300103260007200186300002100258500012700279852017500406999001900581952012700600170912ES-MaACL20230906214509.0090416s1853 sp |||| | spa d0 aEguilaz, Luis de.94675810aAlarcón b: drama original en tres actos y en verso / cpor Luis de Eguilaz. aMadrid : b[s.n.], c1853 (fImp. del Semanario é Ilustración) a90 p. ; c17 cm. aEn port:: Representado con estraordinario [ie] éxito la noche del 4 de mayo de 1853 á beneficio de don Manuel Ossorio. aES-MaACLjF-8570(1) z.- Enc. pasta española q.- Falto de la cub. originalz.- Enc. en un vol. facticio, formando parte de la col. "Teatro español moderno", vol. 23 c170912d170912 001040708LIBXIXaATENEOMbATENEOMcSPP2d2009-04-16eSCl0oF-8570(1)p1179370r2023-02-23 00:00:00w2023-02-23yMONANT